000 00870 a2200229 4500
999 _c5875
_d5875
020 _a0024316415
050 0 0 _aQA402. ZIE 1993
100 1 _aZiemer, Rodger E.
_eauthor
245 1 0 _aSignals and systems :
_bcontinuous and discrete /
_cRodger E. Ziemer, William H. Tranter, D. Ronald Fannin.
250 _a3rd ed.
264 _aNew York:
_bMacmillan Publishing company.,
_c1993
300 _axvi, 624 p. :
_bill. ;
500 _aIncludes bibliographical references and index.
504 _aIncludes bibliographical references and index.
650 0 _aSystem analysis.
650 0 _aDiscrete-time systems.
650 0 _aDigital filters (Mathematics)
700 1 _aTranter, William H.
700 1 _aFannin, D. Ronald.
942 _2lcc
_cBK
_h402
_iZIE
_kQA